| 000 | 01625cam a2200277 a 4500 | ||
|---|---|---|---|
| 001 | 13096301 | ||
| 003 | OSt | ||
| 005 | 20230622115311.0 | ||
| 008 | 030219s2004 caua b 001 0 eng | ||
| 010 | _a 2003102659 | ||
| 020 | _a9781435469938 | ||
| 020 | _a1435469933 | ||
| 040 |
_aDLC _cDLC _dDLC |
||
| 050 | 0 | 0 | _aHV8073.H58 |
| 082 | 0 | 4 |
_a363.25 _221 |
| 100 | 1 |
_aHess, Karen M. _91135 |
|
| 245 | 1 | 0 |
_aCriminal investigation. / _cKären M. Hess, Christen Hess Orthmann |
| 250 | _a9th ed. | ||
| 260 |
_aLondon : _bDelmar Cengage Learning, _c2010. |
||
| 300 |
_axxv, 725 p.: _bill. (some col.) ; _c26 cm. |
||
| 504 | _aIncludes bibliographical references and indexes. | ||
| 505 | _aContents:Introduction: Criminal investigation: an overview -- Documenting the crime scene -- Writing effective reports -- Searches -- Forensics/physical evidence -- Obtaining information and intelligence -- Identifying and arresting suspects -- Investigating violent crimes: Death investigations -- Assault, domestic violence, stalking and elder abuse -- Sex offenses -- Crimes against children -- Robbery -- Investigating crimes against property: Burglary -- Larceny/theft, fraud and white-collar crime -- Motor vehicle theft -- Arson, bombs and explosives -- Other challenges to the criminal investigator: Computer crime -- a dual threat: drug-related crime and organized crime -- Criminal activities of gangs and other dangerous groups -- Terrorism and homeland security -- Preparing for and presenting cases in court - | ||
| 650 | 0 |
_aCriminal investigation. _91136 |
|
| 700 | 1 |
_aOrthmann, Christine Hess _91137 |
|
| 942 |
_2ddc _cBK |
||
| 999 |
_c9487 _d16987 |
||